00253nam a2200097Ia 450000100070000000500170000700800410002424500570006526000250012230000080014758753620250717113818.0250717s9999 xx 000 0 und d 0aX-12 İNANILMAZ İNSAN VÜCUDUcCHRISTINA WILSDON bBETA YAYINLARIc2020 b267